La verdad sospechosa

Salvato in:
Dettagli Bibliografici
Autore principale: Ruiz de Alarcón, Juan
Natura: Libro
Lingua:Undetermined
Pubblicazione: Barcelona, España Sopena 1972
Soggetti:
Tags: Aggiungi Tag
Nessun Tag, puoi essere il primo ad aggiungerne!!

MARC

LEADER 00000nam a2200000Ia 4500
008 170316s9999 xx 000 0 und d
040 |a cru BVZT 
090 |a 862 R-28v 
100 |a Ruiz de Alarcón, Juan 
245 |a La verdad sospechosa 
260 |a Barcelona, España 
260 |b Sopena 
260 |c 1972 
300 |a 160 páginas 
650 |a LITERATURA ESPAÑOLA 
999 |c 10384  |d 10384 
942 |c 15 D  |h 862 R-28v  |2 z